[Event "Aleksandria Cup"]
[Site "?"]
[Date "2015.07.20"]
[Round "9.14"]
[White "Pourramezanali, Amirreza"]
[Black "Mkrtchyan, Sargis R."]
[Result "1-0"]
[LiveChessVersion "1.3.1"]
[BlackElo "2072"]
[WhiteElo "2441"]

1. d4 {[%clk 1:29:16]} Nf6 {[%clk 1:30:52]} 2. Nf3 {[%clk 1:29:39]} g6
{[%clk 1:30:17]} 3. Bf4 {[%clk 1:27:51]} Bg7 {[%clk 1:30:38]} 4. e3
{[%clk 1:28:01]} O-O {[%clk 1:29:41]} 5. Nbd2 {[%clk 1:28:25]} d6
{[%clk 1:29:46]} 6. h3 {[%clk 1:28:45]} c5 {[%clk 1:24:38]} 7. c3
{[%clk 1:28:05]} Qb6 {[%clk 1:24:31]} 8. Nc4 {[%clk 1:28:13]} Qc7
{[%clk 1:24:13]} 9. Be2 {[%clk 1:24:25]} Be6 {[%clk 1:20:40]} 10. Ncd2
{[%clk 1:21:40]} Qb6 {[%clk 1:17:47]} 11. Qc2 {[%clk 1:21:32]} cxd4
{[%clk 1:15:47]} 12. exd4 {[%clk 1:21:33]} Nc6 {[%clk 1:03:05]} 13. O-O
{[%clk 1:09:57]} Rac8 {[%clk 1:02:35]} 14. Qb1 {[%clk 1:04:12]} Nd5
{[%clk 0:54:50]} 15. Bh2 {[%clk 1:03:54]} Bh6 {[%clk 0:54:25]} 16. Nc4
{[%clk 1:03:32]} Qa6 {[%clk 0:50:44]} 17. Qd3 {[%clk 0:57:29]} Bf5
{[%clk 0:38:00]} 18. Qd1 {[%clk 0:57:06]} b5 19. Ncd2 {[%clk 0:54:08]} Qb7
{[%clk 0:35:37]} 20. Re1 {[%clk 0:45:17]} Nf4 {[%clk 0:15:59]} 21. Nf1
{[%clk 0:42:03]} Nxe2+ {[%clk 0:12:20]} 22. Qxe2 {[%clk 0:42:23]} Rfe8
{[%clk 0:12:34]} 23. Ne3 {[%clk 0:37:26]} Bd7 {[%clk 0:12:58]} 24. Ng4
{[%clk 0:37:51]} Bg7 {[%clk 0:12:24]} 25. Qd2 {[%clk 0:37:27]} Bxg4
{[%clk 0:08:23]} 26. hxg4 {[%clk 0:37:56]} e5 {[%clk 0:08:34]} 27. dxe5
{[%clk 0:32:24]} dxe5 {[%clk 0:08:23]} 28. Qe2 {[%clk 0:32:51]} b4
{[%clk 0:05:41]} 29. Ng5 {[%clk 0:32:17]} bxc3 {[%clk 0:05:35]} 30. bxc3
{[%clk 0:32:46]} Na5 {[%clk 0:02:08]} 31. Ne4 {[%clk 0:33:08]} Nc4
{[%clk 0:02:33]} 32. Rad1 {[%clk 0:32:53]} h6 {[%clk 0:02:35]} 33. Rd3
{[%clk 0:32:14]} Rc7 {[%clk 0:01:24]} 34. Red1 {[%clk 0:31:55]} Qb2
{[%clk 0:01:29]} 35. Qf3 {[%clk 0:29:39]} Qb6 {[%clk 0:01:12]} 36. Bg3
{[%clk 0:28:10]} Rce7 {[%clk 0:00:52]} 37. Bh4 {[%clk 0:27:39]} g5
{[%clk 0:00:52]} 38. Bg3 {[%clk 0:28:09]} a5 {[%clk 0:00:53]} 39. Qf5
{[%clk 0:25:03]} a4 {[%clk 0:00:35]} 40. Kh2 {[%clk 0:51:42]} a3 {[%clk 0:30:42]}
41. f3 {[%clk 0:48:09]} Qe6 {[%clk 0:11:32]} 42. Qxe6 {[%clk 0:45:47]} Rxe6
{[%clk 0:11:35]} 43. Rd7 {[%clk 0:46:12]} Rc6 {[%clk 0:10:26]} 44. Bf2
{[%clk 0:46:15]} Bf8 {[%clk 0:10:21]} 45. Ra7 {[%clk 0:46:07]} Be7
{[%clk 0:05:29]} 46. Rdd7 {[%clk 0:45:36]} Kf8 {[%clk 0:05:45]} 47. Bg1
{[%clk 0:32:52]} Nd6 {[%clk 0:04:56]} 48. Bc5 {[%clk 0:25:27]} Nc8
{[%clk 0:01:21]} 49. Bxe7+ {[%clk 0:25:22]} Rxe7 {[%clk 0:01:49]} 50. Rd8+
{[%clk 0:24:59]} Re8 {[%clk 0:02:18]} 51. Rxe8+ {[%clk 0:25:21]} Kxe8
{[%clk 0:02:42]} 52. Rxa3 {[%clk 0:25:49]} Ke7 {[%clk 0:02:12]} 53. Rb3
{[%clk 0:19:31]} Nd6 {[%clk 0:02:03]} 54. a4 {[%clk 0:17:09]} Nxe4
{[%clk 0:01:24]} 55. fxe4 {[%clk 0:17:37]} Ra6 {[%clk 0:00:48]} 56. Ra3
{[%clk 0:16:20]} Ra5 {[%clk 0:01:01]} 57. Kg3 {[%clk 0:16:47]} Kd6
{[%clk 0:01:05]} 58. Kf3 {[%clk 0:17:13]} Kc5 {[%clk 0:01:05]} 59. Ke3
{[%clk 0:17:42]} Kc4 {[%clk 0:01:14]} 60. Kd2 {[%clk 0:17:04]} f6
{[%clk 0:00:54]} 61. Kc2 {[%clk 0:16:54]} Ra6 {[%clk 0:00:34]} 62. a5
{[%clk 0:17:14]} Kb5 {[%clk 0:00:58]} 63. Kb3 {[%clk 0:17:38]} Kc5
{[%clk 0:00:46]} 64. Ra4 {[%clk 0:17:20]} Kb5 {[%clk 0:00:34]} 65. c4+
{[%clk 0:17:46]} Kc5 {[%clk 0:00:51]} 66. Kc3 {[%clk 0:18:12]} Ra8
{[%clk 0:00:32]} 67. a6 {[%clk 0:18:35]} Ra7 {[%clk 0:00:38]} 68. Ra2
{[%clk 0:18:39]} Kb6 {[%clk 0:00:53]} 69. Kb4 {[%clk 0:19:01]} Kc6
{[%clk 0:01:01]} 70. c5 {[%clk 0:19:23]} Kd5 {[%clk 0:00:03]} 1-0

[Event "Aleksandria Cup"]
[Site "?"]
[Date "2015.07.20"]
[Round "9.15"]
[White "Mikaelyan, Arman"]
[Black "Gharibyan, Mamikon"]
[Result "1-0"]
[LiveChessVersion "1.3.1"]
[BlackElo "2036"]
[WhiteElo "2436"]

1. Nf3 {[%clk 1:30:56]} Nf6 {[%clk 1:30:51]} 2. c4 {[%clk 1:31:22]} e6
{[%clk 1:31:16]} 3. g3 {[%clk 1:31:46]} c5 {[%clk 1:31:03]} 4. Bg2
{[%clk 1:32:10]} Nc6 {[%clk 1:31:26]} 5. O-O {[%clk 1:32:29]} Be7
{[%clk 1:31:43]} 6. b3 {[%clk 1:32:28]} O-O {[%clk 1:31:36]} 7. Bb2
{[%clk 1:32:53]} a6 {[%clk 1:29:44]} 8. Nc3 {[%clk 1:31:31]} Qc7 {[%clk 1:28:21]}
9. e3 {[%clk 1:29:40]} Rb8 {[%clk 1:18:54]} 10. Qe2 {[%clk 1:29:10]} d5
{[%clk 1:14:01]} 11. Rac1 {[%clk 1:27:22]} d4 {[%clk 1:12:35]} 12. exd4
{[%clk 1:27:03]} Nxd4 {[%clk 1:12:02]} 13. Nxd4 {[%clk 1:25:55]} cxd4
{[%clk 1:12:13]} 14. Ne4 {[%clk 1:24:33]} Rd8 {[%clk 1:10:05]} 15. d3
{[%clk 1:24:35]} b6 {[%clk 1:02:44]} 16. a3 {[%clk 1:15:12]} a5 {[%clk 1:02:56]}
17. Qd2 {[%clk 1:13:34]} Nxe4 {[%clk 1:00:09]} 18. Bxe4 {[%clk 1:13:59]} Bb7
{[%clk 1:00:17]} 19. Rfe1 {[%clk 1:14:21]} Bd6 {[%clk 0:54:20]} 20. f4
{[%clk 0:58:45]} Qe7 {[%clk 0:51:47]} 21. Ra1 {[%clk 0:58:18]} Bc5
{[%clk 0:50:16]} 22. Bxb7 {[%clk 0:57:33]} Rxb7 {[%clk 0:50:11]} 23. Re5
{[%clk 0:57:53]} Qd6 {[%clk 0:48:04]} 24. Qf2 {[%clk 0:55:15]} Rbb8
{[%clk 0:45:41]} 25. Qe2 {[%clk 0:54:08]} g6 {[%clk 0:42:36]} 26. a4
{[%clk 0:53:32]} Qc6 {[%clk 0:41:12]} 27. Rf1 {[%clk 0:53:34]} Kg7
{[%clk 0:33:50]} 28. g4 {[%clk 0:53:01]} Rbc8 {[%clk 0:31:48]} 29. Bc1
{[%clk 0:52:30]} Re8 {[%clk 0:30:39]} 30. Re1 {[%clk 0:48:49]} Rcd8
{[%clk 0:28:22]} 31. h4 {[%clk 0:44:16]} Bb4 {[%clk 0:22:44]} 32. Rf1
{[%clk 0:40:58]} Qc7 {[%clk 0:18:34]} 33. h5 {[%clk 0:40:40]} Bd6
{[%clk 0:15:54]} 34. Re4 {[%clk 0:38:23]} gxh5 {[%clk 0:15:42]} 35. g5
{[%clk 0:38:19]} h6 {[%clk 0:08:07]} 36. Qxh5 {[%clk 0:38:17]} Rh8
{[%clk 0:07:39]} 37. f5 {[%clk 0:38:17]} hxg5 {[%clk 0:07:12]} 38. f6+
{[%clk 0:38:35]} 1-0

[Event "Aleksandria Cup"]
[Site "?"]
[Date "2015.07.20"]
[Round "9.16"]
[White "Firouzja, Alireza"]
[Black "Kekelidze, Mikheil"]
[Result "1/2-1/2"]
[LiveChessVersion "1.3.1"]
[BlackElo "2426"]
[WhiteElo "2277"]

1. e4 {[%clk 1:30:58]} c5 {[%clk 1:29:36]} 2. Nf3 {[%clk 1:31:19]} e6
{[%clk 1:30:02]} 3. d4 {[%clk 1:31:44]} cxd4 {[%clk 1:30:29]} 4. Nxd4
{[%clk 1:32:08]} a6 {[%clk 1:30:57]} 5. Nc3 {[%clk 1:32:32]} Qc7 {[%clk 1:31:22]}
6. Qf3 {[%clk 1:32:57]} Nf6 {[%clk 1:31:31]} 7. Bg5 {[%clk 1:33:20]} Nc6
{[%clk 1:31:47]} 8. O-O-O {[%clk 1:13:10]} Nxd4 {[%clk 1:29:57]} 9. Rxd4
{[%clk 1:13:33]} Qe5 {[%clk 1:30:23]} 10. Be3 {[%clk 1:13:10]} b5
{[%clk 1:29:31]} 11. Qe2 {[%clk 0:55:06]} Bc5 {[%clk 1:24:11]} 12. f4
{[%clk 0:52:18]} Qh5 {[%clk 1:12:35]} 13. Rd3 {[%clk 0:37:06]} Qxe2
{[%clk 1:05:32]} 14. Bxe2 {[%clk 0:36:34]} Bxe3+ {[%clk 1:05:50]} 15. Rxe3
{[%clk 0:36:59]} d5 {[%clk 1:06:11]} 16. exd5 {[%clk 0:34:02]} b4
{[%clk 1:06:38]} 17. Na4 {[%clk 0:33:34]} Nxd5 {[%clk 1:06:55]} 18. Bf3
{[%clk 0:33:46]} Nxe3 {[%clk 1:03:58]} 19. Bxa8 {[%clk 0:34:11]} Bd7
{[%clk 0:59:42]} 20. Nc5 {[%clk 0:34:09]} Ke7 {[%clk 0:57:10]} 21. Bb7
{[%clk 0:27:48]} a5 {[%clk 0:55:00]} 22. Re1 {[%clk 0:27:48]} Nc4
{[%clk 0:53:05]} 23. b3 {[%clk 0:20:34]} Nd6 {[%clk 0:50:33]} 24. Bf3
{[%clk 0:20:58]} Bb5 {[%clk 0:48:05]} 25. Re5 {[%clk 0:19:41]} Rc8
{[%clk 0:45:20]} 26. Nb7 {[%clk 0:14:33]} Bd3 {[%clk 0:44:45]} 27. Kd2
{[%clk 0:14:04]} Bg6 {[%clk 0:39:22]} 28. Nxd6 {[%clk 0:09:02]} Rxc2+
{[%clk 0:37:39]} 29. Ke3 {[%clk 0:08:56]} Kxd6 {[%clk 0:36:26]} 30. Rxa5
{[%clk 0:09:21]} Rb2 {[%clk 0:33:36]} 31. Rb5 {[%clk 0:03:26]} Bb1
{[%clk 0:33:10]} 32. Rxb4 {[%clk 0:03:51]} Bxa2 {[%clk 0:32:33]} 33. Rd4+
{[%clk 0:03:55]} Ke7 {[%clk 0:29:54]} 34. b4 {[%clk 0:04:14]} Bd5
{[%clk 0:23:04]} 35. Bxd5 {[%clk 0:04:36]} exd5 {[%clk 0:24:00]} 36. Kf3
{[%clk 0:04:30]} Kd6 {[%clk 0:22:28]} 37. Kg3 {[%clk 0:03:54]} f5
{[%clk 0:18:31]} 38. Kf3 {[%clk 0:04:06]} Kc6 {[%clk 0:18:19]} 39. h3
{[%clk 0:04:15]} Rb3+ {[%clk 0:08:20]} 40. Kf2 {[%clk 0:34:34]} h5
{[%clk 0:38:23]} 41. h4 {[%clk 0:34:02]} g6 {[%clk 0:32:46]} 42. Ke2
{[%clk 0:30:11]} Rb2+ {[%clk 0:32:23]} 43. Kf3 {[%clk 0:27:32]} Kd6
{[%clk 0:31:43]} 44. g3 {[%clk 0:26:42]} Rb3+ {[%clk 0:30:59]} 45. Kf2
{[%clk 0:27:08]} Kc6 {[%clk 0:30:30]} 46. Kg2 {[%clk 0:26:56]} Re3
{[%clk 0:30:47]} 47. Rd2 {[%clk 0:26:27]} Re4 {[%clk 0:27:55]} 48. Rc2+
{[%clk 0:14:18]} Rc4 {[%clk 0:26:07]} 49. Re2 {[%clk 0:14:38]} d4
{[%clk 0:09:37]} 50. Re6+ {[%clk 0:14:47]} Kd5 {[%clk 0:09:58]} 51. Rxg6
{[%clk 0:08:16]} d3 {[%clk 0:10:23]} 52. Kf2 {[%clk 0:07:50]} Re4
{[%clk 0:10:45]} 53. Rg8 {[%clk 0:07:46]} Kc4 {[%clk 0:10:32]} 54. Rd8
{[%clk 0:07:38]} Re2+ {[%clk 0:08:18]} 55. Kf3 {[%clk 0:05:35]} Kc3
{[%clk 0:05:30]} 56. b5 {[%clk 0:05:45]} Re6 {[%clk 0:05:50]} 57. Rc8+
{[%clk 0:02:57]} Kd2 {[%clk 0:01:44]} 58. Rc5 {[%clk 0:01:28]} Rd6
{[%clk 0:00:40]} 59. b6 {[%clk 0:00:49]} Rxb6 {[%clk 0:00:52]} 60. Rxf5
{[%clk 0:01:03]} Kc3 {[%clk 0:00:42]} 61. Rxh5 {[%clk 0:00:35]} Rd6
{[%clk 0:00:35]} 62. Rc5+ {[%clk 0:00:39]} Kb2 {[%clk 0:00:47]} 63. Rb5+
{[%clk 0:01:01]} Kc2 {[%clk 0:01:13]} 64. Rc5+ {[%clk 0:01:13]} Kb2
{[%clk 0:00:46]} 65. Rb5+ {[%clk 0:00:44]} Kc2 {[%clk 0:01:00]} 66. Rc5+
{[%clk 0:00:57]} Kb2 67. Re5 d2 68. Ke4 Rd5 1/2-1/2

[Event "Aleksandria Cup"]
[Site "?"]
[Date "2015.07.20"]
[Round "9.17"]
[White "Guseynov, Alihan"]
[Black "Beradze, Irakli"]
[Result "1/2-1/2"]
[LiveChessVersion "1.3.1"]
[BlackElo "2375"]
[WhiteElo "2255"]

1. d4 {[%clk 1:30:55]} Nf6 {[%clk 1:17:41]} 2. c4 {[%clk 1:31:15]} c6
{[%clk 1:18:08]} 3. Nc3 {[%clk 1:31:30]} d5 {[%clk 1:18:35]} 4. e3
{[%clk 1:31:51]} Bf5 {[%clk 1:19:00]} 5. Nf3 {[%clk 1:32:06]} e6 {[%clk 1:19:18]}
6. Nh4 {[%clk 1:26:20]} Be4 {[%clk 1:18:56]} 7. f3 {[%clk 1:26:12]} Bg6
{[%clk 1:19:22]} 8. Nxg6 {[%clk 1:20:59]} hxg6 {[%clk 1:19:47]} 9. g3
{[%clk 1:21:06]} Bd6 {[%clk 1:18:16]} 10. f4 {[%clk 1:16:24]} Nbd7
{[%clk 1:11:03]} 11. Bg2 {[%clk 1:10:52]} Bb4 {[%clk 1:02:41]} 12. Qb3
{[%clk 1:01:52]} Qe7 {[%clk 1:00:11]} 13. O-O {[%clk 0:59:01]} Rb8
{[%clk 0:50:44]} 14. Bd2 {[%clk 0:49:53]} O-O {[%clk 0:47:22]} 15. a3
{[%clk 0:43:48]} Ba5 {[%clk 0:29:25]} 16. Rfe1 {[%clk 0:31:05]} Qd8
{[%clk 0:27:43]} 17. Qa2 {[%clk 0:25:24]} Bxc3 {[%clk 0:25:13]} 18. Bxc3
{[%clk 0:25:53]} Re8 {[%clk 0:25:23]} 19. b3 {[%clk 0:25:03]} Ne4
{[%clk 0:23:44]} 20. Bxe4 {[%clk 0:24:03]} dxe4 {[%clk 0:24:13]} 21. Red1
{[%clk 0:22:14]} Nf6 {[%clk 0:23:05]} 22. h3 {[%clk 0:22:24]} b5 {[%clk 0:18:09]}
23. Qc2 {[%clk 0:20:47]} Qb6 {[%clk 0:15:20]} 24. Rab1 {[%clk 0:16:27]} bxc4
{[%clk 0:10:24]} 25. bxc4 {[%clk 0:16:55]} Qc7 {[%clk 0:10:13]} 26. Rxb8
{[%clk 0:12:53]} Qxb8 {[%clk 0:10:39]} 27. Rb1 {[%clk 0:13:14]} Qc8
{[%clk 0:10:43]} 28. Kg2 {[%clk 0:08:54]} Qa6 {[%clk 0:10:42]} 29. Bb4
{[%clk 0:04:03]} Rb8 {[%clk 0:10:50]} 30. Rc1 {[%clk 0:03:13]} Qb6
{[%clk 0:09:45]} 31. g4 {[%clk 0:02:46]} a5 {[%clk 0:09:09]} 32. Bd6
{[%clk 0:03:11]} Rb7 {[%clk 0:09:20]} 33. g5 {[%clk 0:03:22]} Ne8
{[%clk 0:07:30]} 34. Bc5 {[%clk 0:03:37]} Qb2 {[%clk 0:06:04]} 35. Kg3
{[%clk 0:03:36]} f6 {[%clk 0:04:58]} 36. Qxb2 {[%clk 0:03:03]} Rxb2
{[%clk 0:05:26]} 37. Rd1 {[%clk 0:02:38]} Kh7 {[%clk 0:03:19]} 38. d5
{[%clk 0:02:33]} cxd5 {[%clk 0:01:10]} 39. cxd5 {[%clk 0:02:59]} exd5
{[%clk 0:01:03]} 40. Rxd5 {[%clk 0:33:23]} Nc7 {[%clk 0:30:46]} 41. Rd6
{[%clk 0:24:47]} Rc2 {[%clk 0:06:54]} 42. Bb6 {[%clk 0:18:50]} Nb5
{[%clk 0:07:17]} 43. Rd7 {[%clk 0:18:12]} f5 {[%clk 0:06:35]} 44. Bxa5
{[%clk 0:06:48]} Nxa3 {[%clk 0:04:46]} 45. Bc7 {[%clk 0:06:43]} Nc4
{[%clk 0:03:53]} 46. Be5 {[%clk 0:07:06]} Nxe5 {[%clk 0:03:14]} 47. fxe5
{[%clk 0:07:34]} Kg8 {[%clk 0:00:33]} 48. e6 {[%clk 0:07:45]} Kf8
{[%clk 0:00:52]} 49. Kf4 {[%clk 0:07:50]} Rc5 {[%clk 0:00:32]} 50. h4
{[%clk 0:07:44]} Ra5 {[%clk 0:00:36]} 51. Rf7+ {[%clk 0:07:57]} Kg8
{[%clk 0:00:57]} 52. h5 {[%clk 0:05:08]} Ra6 {[%clk 0:01:09]} 53. hxg6
{[%clk 0:05:02]} Rxe6 {[%clk 0:01:36]} 54. Kxf5 {[%clk 0:05:11]} Re8
{[%clk 0:00:40]} 55. Rb7 {[%clk 0:04:25]} Kf8 {[%clk 0:01:04]} 56. Ra7
{[%clk 0:04:45]} Kg8 {[%clk 0:01:21]} 57. Ra4 {[%clk 0:04:15]} Kf8
{[%clk 0:01:28]} 58. Rxe4 {[%clk 0:04:33]} Rxe4 {[%clk 0:00:35]} 59. Kxe4
{[%clk 0:04:56]} Ke8 {[%clk 0:00:35]} 60. Kd5 {[%clk 0:04:55]} Kd7
{[%clk 0:00:55]} 61. Ke5 {[%clk 0:03:59]} Ke7 {[%clk 0:01:11]} 62. Kd5 Kd7 63.
Kc5 Ke7 64. Kc6 Ke8 65. Kc7 Ke7 66. e4 Ke8 67. Kd6 Ke7+ 1/2-1/2

[Event "Aleksandria Cup"]
[Site "?"]
[Date "2015.07.20"]
[Round "9.18"]
[White "Morchiachishvili, Bachana"]
[Black "Pirverdiyev, Agil"]
[Result "1-0"]
[LiveChessVersion "1.3.1"]
[BlackElo "2313"]
[WhiteElo "2332"]

1. d4 {[%clk 1:29:02]} Nf6 {[%clk 1:30:53]} 2. c4 {[%clk 1:29:23]} e6
{[%clk 1:31:18]} 3. Nf3 {[%clk 1:29:42]} b6 {[%clk 1:31:42]} 4. Nc3
{[%clk 1:30:00]} Bb7 {[%clk 1:32:05]} 5. e3 {[%clk 1:30:21]} Bb4 {[%clk 1:32:12]}
6. Bd3 {[%clk 1:30:40]} O-O {[%clk 1:30:43]} 7. O-O {[%clk 1:30:45]} c5
{[%clk 1:30:54]} 8. Bd2 {[%clk 1:27:38]} cxd4 {[%clk 1:12:01]} 9. exd4
{[%clk 1:27:54]} h6 {[%clk 1:12:25]} 10. Re1 {[%clk 1:25:26]} d5 {[%clk 1:09:46]}
11. cxd5 {[%clk 1:25:46]} Nxd5 {[%clk 1:07:33]} 12. Ne5 {[%clk 1:24:47]} Nf6
{[%clk 1:06:14]} 13. Bf4 {[%clk 1:14:37]} Nd5 {[%clk 0:43:04]} 14. Bd2
{[%clk 1:04:59]} Nf6 {[%clk 0:34:25]} 15. Bf4 {[%clk 1:02:28]} Nd5
{[%clk 0:34:35]} 16. Nxd5 {[%clk 1:02:35]} Bxe1 {[%clk 0:32:11]} 17. Ne3
{[%clk 1:01:12]} Qf6 {[%clk 0:27:36]} 18. g3 {[%clk 0:59:46]} g5 {[%clk 0:22:46]}
19. N5g4 {[%clk 0:58:11]} Qg7 {[%clk 0:23:15]} 20. Bd6 {[%clk 0:53:13]} h5
{[%clk 0:21:58]} 21. Qxe1 {[%clk 0:38:55]} hxg4 {[%clk 0:20:17]} 22. Bxf8
{[%clk 0:39:19]} Kxf8 {[%clk 0:18:13]} 23. Qb4+ {[%clk 0:37:42]} Kg8
{[%clk 0:18:05]} 24. Qe7 {[%clk 0:37:48]} Bf3 {[%clk 0:18:20]} 25. d5
{[%clk 0:32:11]} 1-0

[Event "Aleksandria Cup"]
[Site "?"]
[Date "2015.07.20"]
[Round "9.19"]
[White "Ghvamberia, Nika"]
[Black "Stiyazhkina, Anna"]
[Result "0-1"]
[LiveChessVersion "1.3.1"]
[BlackElo "2214"]
[WhiteElo "2133"]

1. e4 {[%clk 1:30:57]} e5 {[%clk 1:30:51]} 2. Nf3 {[%clk 1:31:24]} Nc6
{[%clk 1:31:11]} 3. Bb5 {[%clk 1:31:50]} a6 {[%clk 1:31:36]} 4. Ba4
{[%clk 1:32:16]} g6 {[%clk 1:31:58]} 5. c3 {[%clk 1:28:24]} Bg7 {[%clk 1:32:11]}
6. O-O {[%clk 1:28:50]} Nge7 {[%clk 1:32:26]} 7. d4 {[%clk 1:28:32]} exd4
{[%clk 1:32:48]} 8. cxd4 {[%clk 1:27:37]} b5 {[%clk 1:32:28]} 9. Bb3
{[%clk 1:26:47]} d6 {[%clk 1:32:16]} 10. Nc3 {[%clk 1:23:08]} O-O
{[%clk 1:32:27]} 11. h3 {[%clk 1:22:25]} h6 {[%clk 1:31:01]} 12. Be3
{[%clk 1:12:28]} Kh7 {[%clk 1:30:57]} 13. d5 {[%clk 1:06:35]} Na5
{[%clk 1:30:38]} 14. Bd4 {[%clk 1:02:52]} Bxd4 {[%clk 1:28:05]} 15. Nxd4
{[%clk 1:00:19]} Nxb3 {[%clk 1:25:16]} 16. Qxb3 {[%clk 0:51:07]} f5
{[%clk 1:23:32]} 17. Rfe1 {[%clk 0:47:54]} f4 {[%clk 1:19:04]} 18. e5
{[%clk 0:44:05]} Nf5 {[%clk 1:03:43]} 19. Nc6 {[%clk 0:37:08]} Qh4
{[%clk 1:02:42]} 20. Qb4 {[%clk 0:23:43]} Bd7 {[%clk 0:59:20]} 21. exd6
{[%clk 0:17:19]} cxd6 {[%clk 0:58:29]} 22. a4 {[%clk 0:16:17]} a5
{[%clk 0:49:09]} 23. Qxb5 {[%clk 0:15:33]} f3 {[%clk 0:28:53]} 24. Re4
{[%clk 0:11:31]} Qh5 {[%clk 0:07:25]} 25. Rae1 {[%clk 0:04:20]} fxg2
{[%clk 0:03:33]} 26. Qd3 {[%clk 0:02:20]} Rf7 {[%clk 0:01:28]} 27. Ne2
{[%clk 0:01:01]} Nh4 {[%clk 0:01:23]} 28. Ncd4 {[%clk 0:00:49]} Bf5
{[%clk 0:00:40]} 29. Nxf5 {[%clk 0:00:45]} Qxf5 {[%clk 0:00:37]} 30. f4
{[%clk 0:00:32]} Qh5 {[%clk 0:00:37]} 31. Re3 {[%clk 0:00:43]} Re8
{[%clk 0:00:43]} 32. Ng3 {[%clk 0:00:35]} Nf3+ {[%clk 0:00:44]} 33. Rxf3
{[%clk 0:00:58]} Rxe1+ {[%clk 0:01:04]} 34. Kxg2 {[%clk 0:01:28]} Qh4
{[%clk 0:01:07]} 35. f5 {[%clk 0:01:43]} gxf5 {[%clk 0:00:41]} 36. Rxf5
{[%clk 0:01:20]} Rxf5 37. Qxf5+ Kg8 {[%clk 0:01:03]} 38. Qg6+ {[%clk 0:01:28]}
Kh8 {[%clk 0:01:00]} 39. Qxd6 {[%clk 0:01:49]} Qg5 {[%clk 0:00:38]} 40. Qf8+
{[%clk 0:30:42]} Kh7 {[%clk 0:30:49]} 41. Qf7+ {[%clk 0:29:32]} Qg7
{[%clk 0:30:59]} 42. Qf5+ {[%clk 0:30:01]} Qg6 {[%clk 0:30:10]} 43. Qd7+
{[%clk 0:30:20]} Kg8 {[%clk 0:28:38]} 44. Qc8+ {[%clk 0:29:23]} Re8
{[%clk 0:28:37]} 45. Qc4 {[%clk 0:29:24]} Qf7 {[%clk 0:28:18]} 46. Qd3
{[%clk 0:28:39]} Re5 {[%clk 0:26:55]} 47. d6 {[%clk 0:24:29]} Rd5
{[%clk 0:25:04]} 48. Qc3 {[%clk 0:23:00]} Rxd6 {[%clk 0:24:12]} 49. Qxa5
{[%clk 0:20:51]} Qb7+ {[%clk 0:23:56]} 50. Kf2 {[%clk 0:19:21]} Qxb2+
{[%clk 0:18:09]} 51. Ne2 {[%clk 0:19:35]} Qf6+ {[%clk 0:16:36]} 52. Kg2
{[%clk 0:17:55]} Qf7 {[%clk 0:13:04]} 53. Qb4 {[%clk 0:15:18]} Rg6+
{[%clk 0:11:12]} 54. Ng3 {[%clk 0:15:25]} Qa2+ {[%clk 0:09:30]} 55. Kf3
{[%clk 0:15:26]} Qd5+ {[%clk 0:09:32]} 56. Kf2 {[%clk 0:13:11]} Qa2+
{[%clk 0:08:40]} 57. Kf3 {[%clk 0:12:56]} Rf6+ {[%clk 0:08:28]} 58. Kg4
{[%clk 0:12:47]} Qe6+ {[%clk 0:08:21]} 59. Kh4 {[%clk 0:13:14]} Qf7
{[%clk 0:05:10]} 60. Qb8+ {[%clk 0:11:57]} Kh7 {[%clk 0:05:18]} 61. Qb1+
{[%clk 0:12:10]} Rg6 {[%clk 0:05:23]} 62. Qf5 {[%clk 0:11:59]} Qe7+
{[%clk 0:02:08]} 63. Kh5 {[%clk 0:12:26]} Qg5+ {[%clk 0:02:03]} 64. Qxg5
{[%clk 0:12:50]} Rxg5+ {[%clk 0:02:30]} 65. Kh4 {[%clk 0:13:15]} Ra5
{[%clk 0:02:56]} 66. Kg4 {[%clk 0:13:13]} Kg6 {[%clk 0:02:54]} 67. Kf4
{[%clk 0:10:21]} Rxa4+ {[%clk 0:03:12]} 68. Ne4 {[%clk 0:09:21]} Kh5
{[%clk 0:01:57]} 69. Kf3 {[%clk 0:08:49]} Ra3+ {[%clk 0:01:18]} 70. Kg2
{[%clk 0:07:34]} Kh4 {[%clk 0:01:37]} 71. Nf2 {[%clk 0:07:56]} Kg5
{[%clk 0:01:58]} 72. Ng4 {[%clk 0:06:53]} h5 {[%clk 0:02:12]} 73. Ne5
{[%clk 0:06:40]} Kf5 {[%clk 0:01:53]} 74. Nc4 {[%clk 0:03:11]} Rc3
{[%clk 0:02:13]} 75. Nd6+ {[%clk 0:03:08]} Kf4 {[%clk 0:02:33]} 76. Nb5
{[%clk 0:02:55]} Rc2+ {[%clk 0:02:31]} 0-1

[Event "Aleksandria Cup"]
[Site "?"]
[Date "2015.07.20"]
[Round "9.20"]
[White "Mammadov, Gulam"]
[Black "Assaubayeva, Bibissara"]
[Result "1-0"]
[LiveChessVersion "1.3.1"]
[BlackElo "2103"]
[WhiteElo "2175"]

1. Nf3 {[%clk 1:30:40]} d5 {[%clk 1:30:49]} 2. g3 {[%clk 1:30:41]} Nf6
{[%clk 1:31:10]} 3. Bg2 {[%clk 1:31:04]} c6 {[%clk 1:31:24]} 4. O-O
{[%clk 1:30:39]} Bf5 {[%clk 1:31:48]} 5. d3 {[%clk 1:30:39]} e6 {[%clk 1:32:09]}
6. Nbd2 {[%clk 1:30:57]} Be7 {[%clk 1:30:51]} 7. Qe1 {[%clk 1:31:13]} h6
{[%clk 1:29:09]} 8. e4 {[%clk 1:30:29]} dxe4 {[%clk 1:28:46]} 9. dxe4
{[%clk 1:22:40]} Bh7 {[%clk 1:29:07]} 10. Qe2 {[%clk 1:12:11]} O-O
{[%clk 1:23:22]} 11. e5 {[%clk 1:05:49]} Nd5 {[%clk 1:19:08]} 12. Ne4
{[%clk 1:05:28]} Nd7 {[%clk 1:14:38]} 13. c4 {[%clk 1:02:40]} N5b6
{[%clk 1:10:34]} 14. Rd1 {[%clk 1:00:17]} Qc7 {[%clk 1:09:25]} 15. Bf4
{[%clk 0:53:26]} g5 {[%clk 1:04:23]} 16. Bd2 {[%clk 0:49:00]} Rfd8
{[%clk 0:47:21]} 17. h4 {[%clk 0:20:40]} Nxe5 {[%clk 0:40:57]} 18. hxg5
{[%clk 0:15:06]} Nxf3+ {[%clk 0:35:03]} 19. Bxf3 {[%clk 0:15:23]} hxg5
{[%clk 0:32:42]} 20. Nxg5 {[%clk 0:06:46]} Bd3 {[%clk 0:25:13]} 21. Qe1
{[%clk 0:06:32]} Nxc4 {[%clk 0:23:14]} 22. Nxe6 {[%clk 0:03:13]} Nxd2
{[%clk 0:22:47]} 23. Rxd2 {[%clk 0:03:32]} fxe6 {[%clk 0:22:07]} 24. Qxe6+
{[%clk 0:04:01]} Kg7 {[%clk 0:22:36]} 25. Rad1 {[%clk 0:03:32]} Rd6
{[%clk 0:17:33]} 26. Qg4+ {[%clk 0:03:32]} Rg6 {[%clk 0:12:21]} 27. Qd4+
{[%clk 0:03:46]} Kh6 {[%clk 0:09:29]} 28. Rxd3 {[%clk 0:03:47]} Rag8
{[%clk 0:06:18]} 29. Bg2 {[%clk 0:03:02]} Rd8 {[%clk 0:05:31]} 30. Qe3+
{[%clk 0:02:31]} Bg5 {[%clk 0:06:00]} 31. f4 {[%clk 0:02:04]} Bf6
{[%clk 0:05:04]} 32. Rxd8 {[%clk 0:01:29]} Bxd8 {[%clk 0:05:33]} 33. f5+
{[%clk 0:01:01]} Bg5 {[%clk 0:05:49]} 34. Qe8 {[%clk 0:01:04]} Rg7
{[%clk 0:03:21]} 35. Qh8+ {[%clk 0:00:56]} Rh7 {[%clk 0:03:50]} 36. Qf8+
{[%clk 0:01:17]} Rg7 {[%clk 0:03:38]} 37. f6 {[%clk 0:01:18]} 1-0